| 000 | 00343nam a2200133Ia 4500 | ||
|---|---|---|---|
| 005 | 20260328104337.0 | ||
| 008 | 260328s9999||||xx |||||||||||||| ||und|| | ||
| 100 | _aSams, Taylor | ||
| 245 | 0 |
_aUndergraduate INPROCESS 19 : _b School of Architecture / _cTaylor Sams |
|
| 260 | _bPrinted | ||
| 300 | _a256 p. | ||
| 650 | _aESCUELAS | ||
| 942 | _cBK | ||
| 999 |
_c11955 _d11955 |
||